[Event "12.PSF-A"]
[Site "Prague"]
[Date "2016.06.22"]
[Round "5.4"]
[White "Gregor, Jiri"]
[Black "Haba, Zdenek"]
[Result "1/2-1/2"]
[WhiteElo "2234"]
[BlackElo "2233"]
[PlyCount "63"]
[EventDate "2016.06.25"]
[EventType "swiss"]
[EventRounds "9"]
[EventCountry "CZE"]
[WhiteClock "0:36:17"]
[BlackClock "0:06:36"]

1. d4 Nf6 2. Nf3 g6 3. c4 Bg7 4. Nc3 O-O 5. g3 c5 6. Bg2 Nc6 7. O-O d6 8. h3
cxd4 9. Nxd4 Nxd4 10. Qxd4 Be6 11. Qh4 Rc8 12. b3 Rc5 13. g4 Nxg4 14. hxg4 Bxc3
15. Be3 Bxa1 16. Rxa1 Re5 17. Bxb7 h5 18. gxh5 Rxh5 19. Qd4 d5 20. cxd5 Bxd5
21. Bxd5 Rxd5 22. Qxa7 Qc8 23. f3 Qh3 24. Bf4 Rfd8 25. Qxe7 Rd1+ 26. Rxd1 Rxd1+
27. Kf2 Qf1+ 28. Kg3 Qg1+ 29. Kh3 Qh1+ 30. Kg3 Qg1+ 31. Kh3 Qh1+ 32. Kg3
1/2-1/2

[Event "12.PSF-A"]
[Site "Prague"]
[Date "2016.06.22"]
[Round "5.5"]
[White "Ptacnikova, Lenka"]
[Black "Janacek, Jaroslav"]
[Result "1/2-1/2"]
[WhiteElo "2169"]
[BlackElo "2008"]
[PlyCount "52"]
[EventDate "2016.06.25"]
[EventType "swiss"]
[EventRounds "9"]
[EventCountry "CZE"]

1. c4 e5 2. g3 d6 3. Bg2 f5 4. d4 Be7 5. dxe5 dxe5 6. Qxd8+ Bxd8 7. Nc3 Nf6 8.
Nf3 Nc6 9. O-O e4 10. Ng5 h6 11. Nh3 Ne5 12. b3 c6 13. Bb2 Bc7 14. Rad1 Bd7 15.
f3 exf3 16. exf3 O-O-O 17. c5 Rhe8 18. Nf4 g5 19. Nd3 Nxd3 20. Rxd3 f4 21. g4
Be5 22. Nd1 Bxb2 23. Nxb2 Re2 24. Rf2 Re1+ 25. Rf1 Re2 26. Rf2 Re1+ 1/2-1/2

[Event "12.PSF-A"]
[Site "Prague"]
[Date "2016.06.22"]
[Round "5.6"]
[White "Matras, Ondrej"]
[Black "Doring, Robert"]
[Result "1-0"]
[WhiteElo "2257"]
[BlackElo "2159"]
[PlyCount "69"]
[EventDate "2016.06.25"]
[EventType "swiss"]
[EventRounds "9"]
[EventCountry "CZE"]

1. d4 Nf6 2. c4 g6 3. f3 d6 4. e4 Bg7 5. Nc3 O-O 6. Be3 e5 7. d5 c6 8. Qd2 a6
9. a4 a5 10. Bd3 Na6 11. Nge2 Nb4 12. Bb1 Ne8 13. Na2 Na6 14. O-O f5 15. dxc6
bxc6 16. b4 f4 17. Bf2 axb4 18. Nxb4 Qa5 19. Be1 Nxb4 20. Qxb4 Qxb4 21. Bxb4 c5
22. Bd2 Nc7 23. Nc3 Be6 24. Bd3 Rfb8 25. Rfb1 Bf8 26. Kf2 Na6 27. Nb5 Be7 28.
Ke2 Kf7 29. Ba5 g5 30. h3 h5 31. Kd2 Rc8 32. Kc3 Ke8 33. Be2 Kd7 34. Bb6 Rc6
35. a5 1-0

[Event "12.PSF-A"]
[Site "Prague"]
[Date "2016.06.22"]
[Round "5.7"]
[White "Stojkovic, Andreja"]
[Black "Postupa, Pavel"]
[Result "1/2-1/2"]
[WhiteElo "1877"]
[BlackElo "2241"]
[PlyCount "145"]
[EventDate "2016.06.25"]
[EventType "swiss"]
[EventRounds "9"]
[EventCountry "CZE"]

1. e4 c5 2. Nf3 d6 3. d4 cxd4 4. Nxd4 Nf6 5. Nc3 a6 6. Be2 e5 7. Nb3 Be6 8. Be3
Nbd7 9. g4 Nb6 10. g5 Nfd7 11. Qd2 Be7 12. Rg1 Rc8 13. O-O-O Qc7 14. Kb1 Nc4
15. Bxc4 Bxc4 16. Nd5 Bxd5 17. exd5 O-O 18. f4 exf4 19. Bxf4 Rfe8 20. h4 Bf8
21. h5 Ne5 22. Qf2 Qc4 23. Bc1 Qe4 24. Rgf1 Qg4 25. h6 g6 26. Rd4 Qd7 27. Rf4
f5 28. gxf6 Nf7 29. Nd4 Re5 30. Ne6 Rxd5 31. Nxf8 Rxf8 32. Rg1 Re5 33. b3 Qe6
34. Bb2 Re2 35. Qg3 Re8 36. Rg4 Re1+ 37. Bc1 Rxg1 38. Qxg1 Qxf6 39. Bb2 Ne5 40.
Qg2 Re7 41. Re4 Rf7 42. Bxe5 Qf1+ 43. Qxf1 Rxf1+ 44. Kb2 dxe5 45. Rxe5 Kf7 46.
Rc5 Re1 47. c4 Re7 48. Rc8 g5 49. b4 Kg6 50. b5 axb5 51. cxb5 Kxh6 52. a4 g4
53. Kb3 Kg5 54. b6 Re6 55. a5 g3 56. Rg8+ Rg6 57. Rxg6+ hxg6 58. a6 bxa6 59. b7
g2 60. b8=Q g1=Q 61. Qd8+ Kf4 62. Qf6+ Ke4 63. Qc6+ Ke5 64. Qe8+ Kf5 65. Qf7+
Kg5 66. Qe7+ Kg4 67. Qd7+ Kg3 68. Qd6+ Kf2 69. Qf6+ Ke1 70. Qa1+ Kf2 71. Qf6+
Ke1 72. Qa1+ Kf2 73. Qf6+ 1/2-1/2

[Event "12.PSF-A"]
[Site "Prague"]
[Date "2016.06.22"]
[Round "5.8"]
[White "Docekalova, Alexandra"]
[Black "Pochinkov, Andrey"]
[Result "0-1"]
[WhiteElo "1855"]
[BlackElo "2125"]
[PlyCount "104"]
[EventDate "2016.06.25"]
[EventType "swiss"]
[EventRounds "9"]
[EventCountry "CZE"]

1. e3 Nf6 2. Nf3 g6 3. d4 Bg7 4. c4 d6 5. Nc3 O-O 6. b3 Nbd7 7. Bb2 c6 8. Be2
Qc7 9. O-O e5 10. Ba3 Re8 11. Qc2 Nf8 12. dxe5 dxe5 13. Rfd1 Qa5 14. Bd6 N6d7
15. b4 Qd8 16. c5 h6 17. Bc4 g5 18. Qb3 Qf6 19. Ne4 Qg6 20. Bxf8 Bxf8 21. Nd6
Bxd6 22. Rxd6 Qg7 23. Rad1 Nf8 24. Rd8 Be6 25. Rxa8 Rxa8 26. Bxe6 Nxe6 27. Qc3
e4 28. Qxg7+ Kxg7 29. Ne5 Rd8 30. Rxd8 Nxd8 31. Kf1 Kf6 32. Ng4+ Ke6 33. Nxh6
Kd5 34. f4 exf3 35. gxf3 Kc4 36. f4 gxf4 37. exf4 Kxb4 38. h4 Kxc5 39. Ng4 Kd5
40. h5 Ne6 41. h6 Nxf4 42. h7 Ng6 43. Ke2 a5 44. Nh6 Ke6 45. Ke3 b5 46. Kd4 b4
47. Ng4 f6 48. Kc5 f5 49. Ne3 f4 50. Ng2 Ke5 51. Ne1 Ke4 52. Kxc6 a4 0-1

[Event "12.PSF-A"]
[Site "Prague"]
[Date "2016.06.22"]
[Round "5.9"]
[White "Vystrcil, Martin"]
[Black "Plchot, Miroslav"]
[Result "1/2-1/2"]
[WhiteElo "2033"]
[BlackElo "1884"]
[PlyCount "61"]
[EventDate "2016.06.25"]
[EventType "swiss"]
[EventRounds "9"]
[EventCountry "CZE"]

1. e4 c5 2. Nf3 Nc6 3. d4 cxd4 4. Nxd4 Nf6 5. Nc3 e5 6. Ndb5 d6 7. Bg5 a6 8.
Na3 b5 9. Nd5 Qa5+ 10. Bd2 Qd8 11. Bg5 Qa5+ 12. Bd2 Qd8 13. Be3 Rb8 14. f3 Be7
15. c3 O-O 16. Be2 Na5 17. O-O Nxd5 18. Qxd5 Be6 19. Qd2 d5 20. exd5 Qxd5 21.
Nc2 Qxd2 22. Bxd2 Nc4 23. Bxc4 bxc4 24. Nb4 Bc5+ 25. Kh1 Rb6 26. Rae1 a5 27.
Rxe5 Rd8 28. Rxc5 axb4 29. Be3 bxc3 30. bxc3 Ra6 31. Bd4 1/2-1/2

[Event "12.PSF-A"]
[Site "Prague"]
[Date "2016.06.22"]
[Round "5.10"]
[White "Fiser, Jiri"]
[Black "Vardan, Nagpal"]
[Result "0-1"]
[WhiteElo "1981"]
[BlackElo "1864"]
[PlyCount "90"]
[EventDate "2016.06.25"]
[EventType "swiss"]
[EventRounds "9"]
[EventCountry "CZE"]

1. b3 d5 2. Bb2 c5 3. e3 Nc6 4. Nf3 Nf6 5. Bb5 Bd7 6. O-O g6 7. Bxc6 Bxc6 8. d4
cxd4 9. exd4 Bg7 10. Nbd2 O-O 11. Re1 e6 12. Ne5 Qc7 13. c4 dxc4 14. bxc4 Nd7
15. Nxc6 bxc6 16. Nf3 Rfd8 17. Qc2 c5 18. dxc5 Bxb2 19. Qxb2 Nxc5 20. Qf6 Nd7
21. Qh4 Rac8 22. Rac1 Nc5 23. Ne5 Nd3 24. Nxd3 Rxd3 25. Qg5 Qc5 26. Qxc5 Rxc5
27. Rc2 Kf8 28. Kf1 Ke7 29. Rb1 Ra3 30. Rb7+ Kf6 31. Rb5 Rc7 32. Ke2 Ke7 33.
Rb3 Ra4 34. Kd3 Kd6 35. f4 Kc6 36. Kd4 Kd6 37. Rb8 Ra5 38. Rd8+ Ke7 39. Rb8 g5
40. g3 gxf4 41. gxf4 Kf6 42. Rg8 Rh5 43. Rf2 Rd7+ 44. Ke3 Ra5 45. Rh8 Ra3+ 0-1

[Event "12.PSF-A"]
[Site "Prague"]
[Date "2016.06.22"]
[Round "5.11"]
[White "Giacometto, Mario"]
[Black "Fabian, Jan"]
[Result "1/2-1/2"]
[WhiteElo "1906"]
[BlackElo "1302"]
[PlyCount "167"]
[EventDate "2016.06.25"]
[EventType "swiss"]
[EventRounds "9"]
[EventCountry "CZE"]

1. e4 e6 2. d4 d5 3. e5 c5 4. c3 Nc6 5. Nf3 Qb6 6. a3 a5 7. Bd3 Bd7 8. O-O cxd4
9. cxd4 Nxd4 10. Nxd4 Qxd4 11. Nc3 Be7 12. Nb5 Qxe5 13. Re1 Qb8 14. Qf3 Bxb5
15. Bxb5+ Kf8 16. Rxe6 Nf6 17. Bf4 Qd8 18. Re2 Ne4 19. Rd1 f5 20. Be5 Qc8 21.
Qd3 Qc5 22. Rc2 Qb6 23. Bc7 Qe6 24. Qxd5 Qxd5 25. Rxd5 g6 26. Be5 Nf6 27. Bxf6
Bxf6 28. Rd7 Rd8 29. Rxb7 Rd1+ 30. Bf1 Bd8 31. g3 h5 32. h4 Rg8 33. Kg2 Rg7 34.
Rxg7 Kxg7 35. b4 axb4 36. axb4 f4 37. Be2 Rd4 38. b5 fxg3 39. fxg3 Rb4 40. Rc8
Rd4 41. Rc6 Rd2 42. Kf3 g5 43. hxg5 Bxg5 44. b6 h4 45. b7 Rb2 46. Rc7+ Kf6 47.
Kg4 hxg3 48. Rc6+ Ke7 49. Kxg5 Rxb7 50. Bf3 Rb4 51. Rc3 Rb8 52. Kf4 Rg8 53. Bg4
g2 54. Rg3 Rf8+ 55. Ke3 Ra8 56. Rxg2 Ra3+ 57. Kf4 Ra4+ 58. Kg5 Re4 59. Bf5 Re3
60. Rd2 Rg3+ 61. Kf4 Rg1 62. Ke5 Re1+ 63. Be4 Ra1 64. Rh2 Ra6 65. Rh7+ Kf8 66.
Bd5 Rb6 67. Be6 Rb2 68. Ra7 Re2+ 69. Kf6 Rf2+ 70. Bf5 Re2 71. Rh7 Rg2 72. Rf7+
Ke8 73. Rc7 Rd2 74. Be6 Rf2+ 75. Ke5 Rd2 76. Bd5 Kd8 77. Rh7 Ke8 78. Bc4 Rd1
79. Ke6 Re1+ 80. Kd6 Kf8 81. Rf7+ Ke8 82. Rg7 Kd8 83. Rg8+ Re8 84. Rxe8+
1/2-1/2

[Event "12.PSF-A"]
[Site "Prague"]
[Date "2016.06.22"]
[Round "5.12"]
[White "Ayriyan, Bella"]
[Black "Ruzicka, Ondrej"]
[Result "1-0"]
[WhiteElo "1858"]
[BlackElo "1927"]
[PlyCount "149"]
[EventDate "2016.06.25"]
[EventType "swiss"]
[EventRounds "9"]
[EventCountry "CZE"]

1. e4 c5 2. Nf3 d6 3. d4 Nf6 4. Nc3 cxd4 5. Nxd4 a6 6. Be2 e6 7. O-O Be7 8. Be3
O-O 9. f4 Qc7 10. Qe1 Nc6 11. Qg3 Kh8 12. Rad1 Bd7 13. Kh1 d5 14. exd5 exd5 15.
Bf3 Be6 16. f5 Qxg3 17. hxg3 Nxd4 18. Bxd4 Bxf5 19. Nxd5 Nxd5 20. Bxd5 Bxc2 21.
Rd2 Rad8 22. Bxb7 Rd6 23. Bxg7+ Kxg7 24. Rxc2 Rh6+ 25. Kg1 Bf6 26. Rd1 a5 27.
Rd7 Rh5 28. Bd5 Be5 29. Rc4 Bxb2 30. Rg4+ Kf6 31. Rf4+ Rf5 32. Rh4 h5 33. Bf3
Rc8 34. Bxh5 Rc1+ 35. Kh2 a4 36. Rxf7+ Ke6 37. Rxf5 Kxf5 38. Rxa4 Be5 39. Ra5
Rc3 40. Bf3 Rc8 41. Ra8 Rc7 42. Ra5 Kf6 43. Ra6+ Kf5 44. Ra4 Rg7 45. Be4+ Ke6
46. Ra6+ Bd6 47. Kg1 Rxg3 48. Kf2 Rg7 49. a4 Ke5 50. Bf3 Bc5+ 51. Ke2 Kd4 52.
Ra8 Re7+ 53. Kd2 Bb4+ 54. Kc2 Re5 55. Kb3 Ba5 56. Ra6 Re3+ 57. Kb2 Bc3+ 58. Kc2
Bb4 59. Rb6 Rc3+ 60. Kb2 Ba3+ 61. Ka2 Bc5 62. Rb3 Rc2+ 63. Kb1 Rf2 64. a5 Kc4
65. Rb8 Rf1+ 66. Kc2 Rf2+ 67. Kd1 Ra2 68. a6 Kd3 69. Be2+ Kc3 70. Rb1 Bb4 71.
Rc1+ Kd4 72. Rc4+ Ke3 73. Rxb4 Kf2 74. Kc1 Rxe2 75. Ra4 1-0

[Event "12.PSF-A"]
[Site "Prague"]
[Date "2016.06.22"]
[Round "5.13"]
[White "Kunc, Jan"]
[Black "Hernandez, Yanez Javier"]
[Result "1-0"]
[WhiteElo "1770"]
[BlackElo "1919"]
[PlyCount "143"]
[EventDate "2016.06.25"]
[EventType "swiss"]
[EventRounds "9"]
[EventCountry "CZE"]

1. e4 e6 2. d4 d5 3. Nc3 Bb4 4. e5 c5 5. a3 Bxc3+ 6. bxc3 Ne7 7. Qg4 O-O 8. Nf3
Nbc6 9. Bd3 Nf5 10. Bxf5 exf5 11. Qh5 f6 12. O-O fxe5 13. Nxe5 Nxe5 14. dxe5
Qe8 15. Qe2 Bd7 16. Re1 Qe6 17. f4 Rfc8 18. Be3 b6 19. Red1 Bc6 20. Bf2 Re8 21.
Bh4 a6 22. a4 Ra7 23. Qf1 a5 24. c4 d4 25. Qd3 Be4 26. Qb3 Qg6 27. Rd2 Re6 28.
Qg3 Qf7 29. Qf2 Rg6 30. Qf1 Rd7 31. Ra3 Qe6 32. Rg3 Rxg3 33. Bxg3 Bc6 34. Qd3
Bxa4 35. Bh4 Bc6 36. Qb3 Be4 37. Rd1 Qg6 38. Bg3 Qc6 39. Rd2 Qe6 40. Qa4 d3 41.
c3 Bb7 42. Qb5 Qc6 43. Bh4 Qxb5 44. cxb5 Kf7 45. Kf2 Ke6 46. Ke3 c4 47. Rb2 Bc8
48. Kd2 Bb7 49. Bf2 Bxg2 50. Bxb6 a4 51. Bc5 Rb7 52. b6 Bc6 53. Ke3 Kd5 54. Bd6
Rd7 55. Bc7 Ke6 56. Kd2 Kd5 57. Rb4 a3 58. Rb1 Ke4 59. Ra1 Re7 60. Rxa3 Kxf4
61. Ra5 Ke4 62. Rc5 Bb7 63. Rxc4+ Kf3 64. Ra4 Kg2 65. Ra7 Be4 66. Bd6 Re6 67.
b7 Bxb7 68. Rxb7 g5 69. Rxh7 f4 70. Rg7 f3 71. Rxg5+ Kxh2 72. Ke3 1-0

[Event "12.PSF-A"]
[Site "Prague"]
[Date "2016.06.22"]
[Round "5.14"]
[White "Pribyl, Viktor"]
[Black "Bartos, Miroslav"]
[Result "1/2-1/2"]
[WhiteElo "1892"]
[BlackElo "1862"]
[PlyCount "57"]
[EventDate "2016.06.25"]
[EventType "swiss"]
[EventRounds "9"]
[EventCountry "CZE"]

1. d4 g6 2. Bf4 Bg7 3. e3 d6 4. Nf3 Nf6 5. h3 a6 6. Be2 O-O 7. O-O Nbd7 8. Bh2
c5 9. c3 b5 10. a4 Rb8 11. axb5 axb5 12. Nbd2 Bb7 13. dxc5 Nxc5 14. Nd4 b4 15.
cxb4 Nce4 16. b5 Nxd2 17. Qxd2 Qb6 18. Qa5 Qxa5 19. Rxa5 Ra8 20. Rfa1 Rxa5 21.
Rxa5 Ra8 22. Rxa8+ Bxa8 23. Nc6 Kf8 24. Bf3 Ke8 25. b4 Nd7 26. Kf1 Nb6 27. Ke2
e5 28. Kd3 f5 29. Kc2 1/2-1/2

[Event "12.PSF-A"]
[Site "Prague"]
[Date "2016.06.22"]
[Round "5.15"]
[White "Martirosyan, Ara"]
[Black "Aubrecht, Petr"]
[Result "1-0"]
[WhiteElo "1767"]
[BlackElo "1890"]
[PlyCount "77"]
[EventDate "2016.06.25"]
[EventType "swiss"]
[EventRounds "9"]
[EventCountry "CZE"]

1. e4 c5 2. Nf3 d6 3. d4 cxd4 4. Nxd4 Nf6 5. Nc3 a6 6. Bc4 e6 7. Bb3 Be7 8. O-O
O-O 9. Be3 Qc7 10. f4 Nc6 11. Qf3 Na5 12. Rae1 Re8 13. g4 Nc4 14. Bxc4 Qxc4 15.
g5 Nd7 16. h4 Rb8 17. Rf2 b5 18. a3 Bb7 19. Nb1 d5 20. e5 Qc7 21. h5 Nc5 22.
Nc3 Ne4 23. Nxe4 dxe4 24. Qg4 Bc5 25. c3 Bd5 26. Rh2 g6 27. Kf2 Qd7 28. Kg3 Bb6
29. Reh1 Re7 30. Rd1 Qc8 31. Nc2 Bxe3 32. Nxe3 Qc5 33. Rd4 Rd8 34. Qh4 Rdd7 35.
Ng4 Rc7 36. hxg6 fxg6 37. Nf6+ Kh8 38. Qh6 Qc6 39. Qf8# 1-0

[Event "12.PSF-A"]
[Site "Prague"]
[Date "2016.06.22"]
[Round "5.16"]
[White "Ruzicka, Filip"]
[Black "Pribylova, Sofie"]
[Result "0-1"]
[WhiteElo "1570"]
[BlackElo "1854"]
[PlyCount "112"]
[EventDate "2016.06.25"]
[EventType "swiss"]
[EventRounds "9"]
[EventCountry "CZE"]

1. e4 c6 2. d4 d5 3. exd5 cxd5 4. Nf3 Nf6 5. Bb5+ Nc6 6. Bf4 a6 7. Bd3 Nb4 8.
Nc3 Nxd3+ 9. Qxd3 g6 10. O-O Bg7 11. Qe3 O-O 12. Rfe1 Re8 13. Ne2 b5 14. h3 Bb7
15. Bh6 Bh8 16. Ne5 e6 17. Bg5 Qc7 18. Nf4 Ne4 19. Bh6 f6 20. Ng4 f5 21. Ne5 g5
22. Ne2 f4 23. Qd3 Bxe5 24. dxe5 Qxe5 25. Qd4 Qxd4 26. Nxd4 Kf7 27. f3 Kg6 28.
fxe4 dxe4 29. Bf8 Rxf8 30. Nxe6 Rfc8 31. c3 Kf6 32. Nd4 b4 33. cxb4 Rc4 34. Nb3
Rxb4 35. Rad1 Re8 36. Nc5 Re7 37. Nxb7 Rbxb7 38. Rd6+ Ke5 39. Rxa6 Rxb2 40. Ra4
e3 41. g3 Rd7 42. Ra5+ Rd5 43. gxf4+ gxf4 44. Ra7 Rdd2 45. Re7+ Kf6 46. Re4 Kf5
47. Re8 Rxa2 48. Re7 Rg2+ 49. Kh1 Rh2+ 50. Kg1 Rxh3 51. Re8 Kg4 52. Rg8+ Kf3
53. Rf1+ Rf2 54. Re1 Rg3+ 55. Rxg3+ fxg3 56. Rb1 g2 0-1

[Event "12.PSF-A"]
[Site "Prague"]
[Date "2016.06.22"]
[Round "5.17"]
[White "Mach, Petr"]
[Black "Kozlova, Lucie"]
[Result "0-1"]
[WhiteElo "1699"]
[BlackElo "1636"]
[PlyCount "32"]
[EventDate "2016.06.25"]
[EventType "swiss"]
[EventRounds "9"]
[EventCountry "CZE"]

1. d4 Nf6 2. Bf4 d5 3. Nf3 g6 4. e3 Bg7 5. c4 c5 6. Nc3 O-O 7. dxc5 e6 8. Bd6
Re8 9. Nb5 Na6 10. Nfd4 Ne4 11. b4 e5 12. Nc2 Qf6 13. Qf3 Bf5 14. O-O-O Nxd6
15. Nxd6 e4 16. Nxe8 Qb2+ 0-1

[Event "12.PSF-A"]
[Site "Prague"]
[Date "2016.06.22"]
[Round "5.18"]
[White "Hejsek, Lukas"]
[Black "Mach, st. Petr"]
[Result "1-0"]
[WhiteElo "1633"]
[BlackElo "1688"]
[PlyCount "93"]
[EventDate "2016.06.25"]
[EventType "swiss"]
[EventRounds "9"]
[EventCountry "CZE"]

1. e4 c5 2. b3 e6 3. Bb2 Nc6 4. f4 Nf6 5. Nc3 d6 6. Nf3 Be7 7. Be2 O-O 8. O-O
Bd7 9. Qe1 a6 10. a4 Nb4 11. Rc1 Qc7 12. d3 b5 13. axb5 axb5 14. Nh4 Rfb8 15.
Qg3 Nc6 16. Nd1 Nd4 17. Bxd4 cxd4 18. Nf2 Ra2 19. Bd1 Qc3 20. Rb1 Bd8 21. e5
dxe5 22. fxe5 Bc7 23. Nh3 Qc5 24. Nf3 Bc6 25. b4 Qd5 26. c3 Ra3 27. Nxd4 Bxe5
28. Nxc6 Bxg3 29. Ne7+ Kf8 30. Nxd5 Nxd5 31. hxg3 Rxc3 32. Be2 Rc2 33. Bf3 Nc3
34. Rfc1 Rxc1+ 35. Rxc1 Na2 36. Rb1 Rd8 37. Nf2 Rd4 38. Bc6 Nxb4 39. Bxb5 e5
40. Bc4 Nc6 41. Rb7 Nd8 42. Rb8 Ke7 43. Kf1 f5 44. Ke2 e4 45. Ke3 Nc6 46. Rb7+
Kd6 47. Rb6 1-0

[Event "12.PSF-A"]
[Site "Prague"]
[Date "2016.06.23"]
[Round "6.1"]
[White "Vichnar, David"]
[Black "Matras, Ondrej"]
[Result "0-1"]
[WhiteElo "2346"]
[BlackElo "2257"]
[PlyCount "86"]
[EventDate "2016.06.25"]
[EventType "swiss"]
[EventRounds "9"]
[EventCountry "CZE"]
[WhiteClock "0:08:41"]
[BlackClock "0:28:16"]

1. c4 d6 2. g3 g6 3. Bg2 Bg7 4. Nc3 e5 5. e4 Ne7 6. Nge2 Nbc6 7. O-O O-O 8. d3
Bg4 9. f3 Be6 10. Nd5 a5 11. Be3 Nd4 12. Nxd4 exd4 13. Bg5 f6 14. Bd2 c6 15.
Nf4 Bf7 16. b4 axb4 17. Bxb4 f5 18. a4 g5 19. Nh3 h6 20. f4 g4 21. Nf2 h5 22.
Re1 Qd7 23. c5 d5 24. e5 Ng6 25. Qe2 Rfe8 26. Qb2 Nf8 27. Qxd4 Ne6 28. Qb2 d4
29. Rec1 Bf8 30. Bf1 Ra7 31. Be2 Rea8 32. Bd1 Be7 33. Bb3 Kg7 34. Nd1 Rh8 35.
Rab1 Rh6 36. Qf2 h4 37. Nb2 Ra8 38. Nc4 hxg3 39. hxg3 Rah8 40. Qg2 Nxf4 41.
gxf4 Bd5 42. Nb6 Bxg2 43. Nxd7 Bf3 0-1

[Event "12.PSF-A"]
[Site "Prague"]
[Date "2016.06.23"]
[Round "6.2"]
[White "Kulhanek, Tomas"]
[Black "Istona, Martin"]
[Result "1/2-1/2"]
[WhiteElo "2367"]
[BlackElo "2173"]
[PlyCount "50"]
[EventDate "2016.06.25"]
[EventType "swiss"]
[EventRounds "9"]
[EventCountry "CZE"]
[WhiteClock "0:30:46"]
[BlackClock "0:21:12"]

1. e4 c5 2. Nc3 g6 3. Nf3 Bg7 4. d4 cxd4 5. Nxd4 Nc6 6. Be3 Nf6 7. Bc4 O-O 8.
Bb3 d6 9. f3 Bd7 10. Qd2 Na5 11. O-O-O Rb8 12. Bh6 Bxh6 13. Qxh6 b5 14. Kb1 b4
15. Nd5 e6 16. Nxf6+ Qxf6 17. Rhe1 e5 18. Ne2 Nxb3 19. cxb3 Rb6 20. Ng3 Qe7 21.
Rc1 Be6 22. f4 exf4 23. Qxf4 Rc8 24. Qf2 Rb5 25. Qd4 h5 1/2-1/2

[Event "12.PSF-A"]
[Site "Prague"]
[Date "2016.06.23"]
[Round "6.3"]
[White "Kiss, Pal"]
[Black "Gregor, Jiri"]
[Result "1/2-1/2"]
[WhiteElo "2290"]
[BlackElo "2234"]
[PlyCount "23"]
[EventDate "2016.06.25"]
[EventType "swiss"]
[EventRounds "9"]
[EventCountry "CZE"]
[WhiteClock "1:23:23"]
[BlackClock "1:23:58"]

1. d4 d5 2. c4 c6 3. e3 Nf6 4. Nc3 e6 5. Nf3 Nbd7 6. Bd3 dxc4 7. Bxc4 b5 8. Be2
Bb7 9. O-O a6 10. b3 c5 11. Bb2 Be7 12. dxc5 1/2-1/2

[Event "12.PSF-A"]
[Site "Prague"]
[Date "2016.06.23"]
[Round "6.4"]
[White "Haba, Zdenek"]
[Black "Ptacnikova, Lenka"]
[Result "0-1"]
[WhiteElo "2233"]
[BlackElo "2169"]
[PlyCount "56"]
[EventDate "2016.06.25"]
[EventType "swiss"]
[EventRounds "9"]
[EventCountry "CZE"]
[WhiteClock "0:01:18"]
[BlackClock "0:04:35"]

1. d4 Nf6 2. c4 e6 3. g3 c5 4. Nf3 cxd4 5. Nxd4 d5 6. Bg2 e5 7. Nf3 d4 8. O-O
Nc6 9. e3 Be7 10. exd4 exd4 11. Nbd2 O-O 12. Re1 Be6 13. a3 d3 14. b4 a5 15.
bxa5 Nxa5 16. Ne5 Bc5 17. Ra2 Qd6 18. Nb3 Rfd8 19. Bf4 Nxb3 20. Nxf7 Qb6 21.
Nxd8 Rxd8 22. Rb2 Bxc4 23. Qf3 Bxa3 24. Be3 Qa5 25. Rbb1 b5 26. Qb7 Nd4 27.
Bxd4 Rxd4 28. Re7 Bxe7 0-1

[Event "12.PSF-A"]
[Site "Prague"]
[Date "2016.06.23"]
[Round "6.5"]
[White "Vardan, Nagpal"]
[Black "Benes, Petr"]
[Result "1-0"]
[WhiteElo "1864"]
[BlackElo "2015"]
[PlyCount "59"]
[EventDate "2016.06.25"]
[EventType "swiss"]
[EventRounds "9"]
[EventCountry "CZE"]

1. d4 Nf6 2. c4 e5 3. dxe5 Ng4 4. Bf4 g5 5. Bd2 Bg7 6. Bc3 O-O 7. Nf3 Nc6 8. h4
Ngxe5 9. hxg5 Nxf3+ 10. gxf3 Qxg5 11. e3 d6 12. f4 Qg6 13. Bd3 Bf5 14. Bxf5
Qxf5 15. Rh5 Qe4 16. Bxg7 Kxg7 17. Nd2 Qd3 18. Rd5 Nd4 19. Rxd4 Qg6 20. Nf3 Qg2
21. Rd5 f6 22. Ke2 Kh8 23. Qg1 Qh3 24. Qh2 Qd7 25. Rh1 Rf7 26. Rh5 Re8 27. Qh3
Qe7 28. Qf5 Rg8 29. Nh4 Rfg7 30. Rh6 1-0

[Event "12.PSF-A"]
[Site "Prague"]
[Date "2016.06.23"]
[Round "6.6"]
[White "Postupa, Pavel"]
[Black "Brcak, Marek"]
[Result "1-0"]
[WhiteElo "2241"]
[BlackElo "1866"]
[PlyCount "71"]
[EventDate "2016.06.25"]
[EventType "swiss"]
[EventRounds "9"]
[EventCountry "CZE"]

1. e4 e5 2. Nf3 Nc6 3. Bb5 a6 4. Ba4 Nf6 5. d3 b5 6. Bb3 Be7 7. O-O d6 8. h3
O-O 9. Re1 Na5 10. c3 c5 11. Nbd2 Re8 12. Bc2 Bf8 13. Nf1 g6 14. Ng3 Bg7 15. d4
Qc7 16. d5 Rb8 17. b3 c4 18. b4 Nb7 19. a4 a5 20. axb5 axb4 21. cxb4 Bd7 22.
Be3 Bxb5 23. Ne2 c3 24. Ra3 Qc4 25. Nxc3 Ra8 26. Nxb5 Qxb5 27. Qa1 Rxa3 28.
Qxa3 Rc8 29. Bd3 Qd7 30. Rc1 Nh5 31. Rxc8+ Qxc8 32. Qa7 Nd8 33. Ba6 Qc2 34. Qd7
Bf6 35. Bh6 Ng7 36. Qxd6 1-0

[Event "12.PSF-A"]
[Site "Prague"]
[Date "2016.06.23"]
[Round "6.7"]
[White "Pochinkov, Andrey"]
[Black "Stojkovic, Andreja"]
[Result "1-0"]
[WhiteElo "2125"]
[BlackElo "1877"]
[PlyCount "67"]
[EventDate "2016.06.25"]
[EventType "swiss"]
[EventRounds "9"]
[EventCountry "CZE"]

1. Nf3 g6 2. b3 Bg7 3. d4 Nf6 4. Bb2 O-O 5. Nbd2 d6 6. e4 Nbd7 7. h3 c5 8. e5
Ne8 9. e6 fxe6 10. Ng5 Nb6 11. Bd3 Nf6 12. dxc5 Nbd5 13. g3 Nb4 14. Be2 h6 15.
Ngf3 e5 16. a3 Nc6 17. cxd6 Qxd6 18. Nh4 Kh7 19. Nc4 Qxd1+ 20. Rxd1 e4 21. b4
g5 22. Ng2 Be6 23. b5 Bxc4 24. Bxc4 Na5 25. Be6 Rad8 26. Ke2 b6 27. h4 Kg6 28.
Ne3 Nb7 29. Nf5 Rf7 30. h5+ Nxh5 31. Bxg7 Rxf5 32. Bxf5+ Kxg7 33. Rxd8 Nxg3+
34. fxg3 1-0

[Event "12.PSF-A"]
[Site "Prague"]
[Date "2016.06.23"]
[Round "6.8"]
[White "Janacek, Jaroslav"]
[Black "Vystrcil, Martin"]
[Result "0-1"]
[WhiteElo "2008"]
[BlackElo "2033"]
[PlyCount "94"]
[EventDate "2016.06.25"]
[EventType "swiss"]
[EventRounds "9"]
[EventCountry "CZE"]

1. e4 Nf6 2. e5 Nd5 3. d4 d6 4. c4 Nb6 5. exd6 cxd6 6. Nc3 g6 7. Be3 Bg7 8. Rc1
O-O 9. b3 Bf5 10. g4 Bd7 11. Bg2 Qc8 12. h3 f5 13. f3 e5 14. dxe5 Bxe5 15. Nge2
fxg4 16. hxg4 Nc6 17. O-O Qd8 18. Bf2 h5 19. gxh5 gxh5 20. f4 Bxf4 21. Nxf4
Rxf4 22. Qxh5 Be8 23. Qh3 Bd7 24. Qe3 Rg4 25. Bg3 Qg5 26. Qxg5+ Rxg5 27. Bxd6
Nd4 28. c5 Bc6 29. Rf2 Nd5 30. Kf1 Ne3+ 31. Ke1 Rxg2 32. Rxg2+ Nxg2+ 33. Kf2
Nh4 34. Rg1+ Kf7 35. Rg4 Nhf5 36. Rf4 Ke6 37. b4 a6 38. a4 Rh8 39. b5 axb5 40.
axb5 Nxb5 41. Nxb5 Bxb5 42. Re4+ Kd7 43. Be5 Re8 44. Re1 Kc6 45. Kf3 Nd4+ 46.
Kf4 Kxc5 47. Rb1 Ne2+ 0-1

[Event "12.PSF-A"]
[Site "Prague"]
[Date "2016.06.23"]
[Round "6.9"]
[White "Doring, Robert"]
[Black "Kunc, Jan"]
[Result "1-0"]
[WhiteElo "2159"]
[BlackElo "1770"]
[PlyCount "73"]
[EventDate "2016.06.25"]
[EventType "swiss"]
[EventRounds "9"]
[EventCountry "CZE"]

1. e4 c5 2. c3 d5 3. exd5 Qxd5 4. d4 Nc6 5. Nf3 Bg4 6. Be2 Nf6 7. h3 Bh5 8. c4
Qd6 9. g4 Bg6 10. Nc3 e6 11. Be3 cxd4 12. Nxd4 Nxd4 13. Bxd4 a6 14. Qa4+ Qd7
15. Qxd7+ Kxd7 16. Rd1 Ke8 17. Bf3 Be7 18. Bxb7 Rb8 19. Bxa6 Rxb2 20. Nd5 Nxd5
21. Bxb2 Be4 22. Bb5+ Kf8 23. cxd5 Bxh1 24. d6 Bd8 25. Rc1 f6 26. Rc8 Kf7 27.
Ke2 Bd5 28. a4 e5 29. a5 Rf8 30. Bc3 g6 31. Bb4 Be6 32. d7 Rg8 33. a6 Bb6 34.
Rxg8 Kxg8 35. Be7 Kf7 36. d8=Q Bxd8 37. Bxd8 1-0

[Event "12.PSF-A"]
[Site "Prague"]
[Date "2016.06.23"]
[Round "6.10"]
[White "Plchot, Miroslav"]
[Black "Lhotsky, Zdenek"]
[Result "1-0"]
[WhiteElo "1884"]
[BlackElo "1684"]
[PlyCount "57"]
[EventDate "2016.06.25"]
[EventType "swiss"]
[EventRounds "9"]
[EventCountry "CZE"]

1. e4 c5 2. d4 cxd4 3. c3 dxc3 4. Nxc3 d6 5. Nf3 e6 6. Bf4 a6 7. Bc4 Be7 8. O-O
Nf6 9. Qe2 O-O 10. Rfd1 Nbd7 11. Rac1 b5 12. Bb3 Qb6 13. Bxd6 Bxd6 14. e5 Bc5
15. exf6 Nxf6 16. Ne5 Bb7 17. Kh1 Bxf2 18. Nd7 Nxd7 19. Rxd7 Bh4 20. Ne4 Rac8
21. Bc2 Rc4 22. b3 Rd4 23. Rd1 Rxd1+ 24. Rxd1 Rd8 25. Rf1 Qc6 26. Qh5 g6 27.
Qxh4 Rd2 28. Nf6+ Kf8 29. Qh6+ 1-0